2025/26 Champions League Teams - Statistics

General Stats
  • This quiz has been taken 56 times
    29 since last reset
  • The average score is 26 of 36
Answer Stats
Team % Correct
Arsenal
91%
Inter
91%
Liverpool
91%
Real Madrid
91%
Juventus
87%
Manchester City
87%
PSG
87%
Atletico Madrid
83%
Barcelona
83%
Bayern Munich
83%
Benfica
83%
Chelsea
83%
Monaco
83%
Marseille
78%
Newcastle United
78%
Ajax
74%
Dortmund
74%
Frankfurt
74%
Galatasaray
74%
Napoli
74%
Tottenham
74%
Atalanta
70%
Copenhagen
70%
Olympiacos
70%
Sporting Lisbon
70%
Bodo/Glimt
65%
Kairat Almaty
65%
PSV
65%
Athletic Club
61%
Bayer Leverkusen
61%
Club Brugge
61%
Villareal
61%
Pafos
57%
Qarabag
57%
Slavia Prague
48%
Union Saint-Gilloise
43%
No matching quizzes found
Score Distribution
Percent of People with Each Score
Percentile by Number Answered
Your Score History
You have not taken this quiz since the last reset